000 00325nam a2200145Ia 4500
008 230718s9999 xx 000 0 und d
041 _aEng.
082 _a346.104
_bLPR-L
100 _aLPR
245 0 _aLaw and Policy review
260 _aPakistan
_bPunjab law book
_c2013
300 _a213
650 _aLaw
999 _c29438
_d29438